| LEADER |
00813nam0a2200193 450 |
| 001 |
16813242 |
| 010 |
|
|
|a 2-211-06053-6
|b Rel.
|d 11
|
| 100 |
|
|
|a 20010806d2001 u u0frey01 ba
|
| 101 |
0 |
|
|a fre
|
| 102 |
|
|
|a FR
|
| 200 |
0 |
|
|a Non, non et non !
|f Mireille d'Allancé
|
| 207 |
|
1 |
|a
|
| 210 |
|
|
|a Paris
|b 11, rue de Sèvres
|c Ecole des loisirs
|d 2001
|
| 215 |
|
|
|a 32 p.
|c ill. en coul.
|d 26 cm
|
| 330 |
|
|
|a Ajourd'hui, c'est la rentrée des classes et maman accompagne Octave. Mais allez savoir pourquoi il dit non à tout et à tout le monde : à sa maman, à la maîtresse, à Jeanine et Raoul qui viennent jouer avec lui.
|
| 700 |
|
0 |
|a Allancé
|b Mireille d'
|4 70
|
| 900 |
|
|
|a Album
|
| 901 |
|
|
|a Accessible au prêt
|
| 995 |
|
|
|a Bibliothèque
|c Bibliothèque
|f 00156009968025
|h 00156009968025
|k A ALL
|o p
|q j
|r az
|e Bibliothèque
|